Normal view MARC view
  • Usmani, Muftti Muhammad Taqqi

Entry Personal Name

Number of records used in: 2

001 - CONTROL NUMBER

  • control field: 16427

003 - CONTROL NUMBER IDENTIFIER

  • control field: NUST

005 - DATE AND TIME OF LATEST TRANSACTION

  • control field: 20190702154453.0

008 - FIXED-LENGTH DATA ELEMENTS

  • fixed length control field: 190702|| aca||aabn | a|a d

040 ## - CATALOGING SOURCE

  • Original cataloging agency: NUST
  • Transcribing agency: NUST

100 ## - HEADING--PERSONAL NAME

  • Personal name: Usmani, Muftti Muhammad Taqqi

670 ## - SOURCE DATA FOUND

  • Source citation: Work cat.: (NUST): Usmani, Muftti Muhammad Taqqi, Islam aor siasi nazariat /, 2010.
© 2023 Central Library, National University of Sciences and Technology. All Rights Reserved.